Lịch sử Việt Nam T.87 Từ thế kỷ 1919 đến thế kỷ 1930

Chính sách thuộc địa của thực dân Pháp sau chiến tranh thế giới thứ nhất. cuộc khai thác thuộc địa lần thứ hai sau chiến tranh thế giới thứ nhất và những biến đổi trong nền kinh tế Việt Nam

সংরক্ষণ করুন:
গ্রন্থ-পঞ্জীর বিবরন
অন্যান্য লেখক: Tạ Thị Thúy (ch.b), Ngô Văn Hòa, Vũ Huy Phúc
বিন্যাস: গ্রন্থ
ভাষা:Vietnamese
প্রকাশিত: H. Khoa học xã hội 2013
বিষয়গুলি:
ট্যাগগুলো: ট্যাগ যুক্ত করুন
কোনো ট্যাগ নেই, প্রথমজন হিসাবে ট্যাগ করুন!
Thư viện lưu trữ: Mạng thư viện Đại học Đà Nẵng
LEADER 01418nam a2200349 4500
001 000019955
003 16396
005 20141204091206.0
008 141204s2013 viesd
041 0 |a vie 
082 1 4 |a 959.7  |b Lic 
245 1 0 |a Lịch sử Việt Nam  |c Tạ Thị Thúy (ch.b) ; Ngô Văn Hòa, Vũ Huy Phúc  |n T.87  |p Từ thế kỷ 1919 đến thế kỷ 1930 
260 |a H.  |b Khoa học xã hội  |c 2013 
300 |a 606 tr.  |b Hình mh., bảng  |c 24 cm. 
500 |a Đầu sách ghi: Viện hàn lâm khoa học xã hội Việt Nam - Viện sử học 
504 |a Thư mục tr. 601-606 
520 3 |a Chính sách thuộc địa của thực dân Pháp sau chiến tranh thế giới thứ nhất. cuộc khai thác thuộc địa lần thứ hai sau chiến tranh thế giới thứ nhất và những biến đổi trong nền kinh tế Việt Nam 
650 0 4 |a Lịch sử Việt Nam  |x Nghiên cứu  |y Từ thế kỷ 1897 đến thế kỷ 1918  |z Việt Nam 
653 |a Lịch sử Việt Nam 
653 |a Chiến tranh Việt Nam 
653 |a Thực dân Pháp 
700 1 |a Tạ Thị Thúy  |e ch.b 
700 1 |a Ngô Văn Hòa 
700 1 |a Vũ Huy Phúc 
OWN |a LSP 
999 |a From the UDN01 
TYP |a Monograph 
TYP |a Printed language 
980 |a Mạng thư viện Đại học Đà Nẵng